Ritmos negros del Perú: reconstruyendo la herencia musical africana
Guardat en:
| Autor principal: | |
|---|---|
| Format: | Llibre |
| Idioma: | espanyol |
| Publicat: |
Lima
Instituto de Etnomusicología
2009
|
| Edició: | 1a. ed |
| Matèries: | |
| Etiquetes: |
Afegir etiqueta
Sense etiquetes, Sigues el primer a etiquetar aquest registre!
|
MARC
| LEADER | 00000cam a2200000 a 4500 | ||
|---|---|---|---|
| 001 | UCF3037 | ||
| 003 | CL-VaPUC | ||
| 008 | 120914e20090100PE |||||||||||||||||spa|d | ||
| 020 | |a 9789972512315 | ||
| 082 | 0 | 4 | |a 781.62 |b FEL |2 21 |
| 100 | 0 | |a Feldman, Heidi Carolyn |e author |9 564932 | |
| 245 | 1 | 0 | |a Ritmos negros del Perú: reconstruyendo la herencia musical africana |
| 250 | |a 1a. ed | ||
| 300 | |a 343 p | ||
| 942 | |c BK | ||
| 945 | |d 20120914 00:00:00 |a dcastane | ||
| 260 | |a Lima |b Instituto de Etnomusicología |c 2009 | ||
| 650 | 0 | |a Folklore peruano |9 352072 | |
| 650 | 0 | |a Música peruana |9 538857 | |
| 650 | 0 | |a Etnomusicología |9 306273 | |
| 583 | |a last modification |c 20120914 00:13:00 |k Rodrigo Vera | ||
| 999 | |c 349559 |d 349557 | ||
| 952 | |0 0 |1 0 |4 0 |6 781_620000000000000_FEL_2009 |7 0 |8 X |9 452197 |a FDOMLP |b FDOMLP |d 2019-11-22 |i 4906187 |o 781.62 FEL 2009 |p 4906187 |r 2019-11-22 |w 2019-11-22 |y BK_X |k BU2 | ||